Catálogo público

Análisis económico de las importaciones de los 4 principales cereales (maíz, trigo, arroz y cebada) de consumo nacional en la agroindustria relacionada / (Record no. 174450)

MARC details
000 -CABECERA
campo de control de longitud fija 04916nam a2200505 a 4500
001 - NÚMERO DE CONTROL
campo de control dia_3845
003 - IDENTIFICADOR DEL NÚMERO DE CONTROL
campo de control CHAP
005 - FECHA Y HORA DE LA ÚLTIMA TRANSACCIÓN
campo de control 20250523123444.0
007 - CAMPO FIJO DE DESCRIPCIÓN FÍSICA--INFORMACIÓN GENERAL
campo de control de longitud fija ta
008 - DATOS DE LONGITUD FIJA--INFORMACIÓN GENERAL
campo de control de longitud fija 220117s2003 mx abd frm 001 0 spa d
010 ## - NÚMERO DE CONTROL DE LA BIBLIOTECA DEL CONGRESO
Número de control de LC 174450
040 ## - FUENTE DE LA CATALOGACIÓN
Centro/agencia transcriptor CHAP
Centro catalogador/agencia de origen mxchpua
041 0# - CÓDIGO DE LENGUA
Código de lengua del texto/banda sonora o título independiente spa
Código de lengua del sumario o resumen eng
090 ## - LOCALMENTE ASIGNADO TIPO-LC NÚMERO DE CLASIFICACIÓN (OCLC); NÚMERO DE CLASIFICACIÓN LOCAL (RLIN)
Número de clasificación (OCLC) (R) ; Numero de clasificación, CALL (RLIN) (NR) Tesis
Número cutter local (OCLC) ; Número de libro/Signatura topográfica íntegra, CALL (RLIN) S26
año 2003
100 1# - ENTRADA PRINCIPAL--NOMBRE DE PERSONA
Nombre de persona Sánchez Páez, Ricardo
240 10 - TÍTULO UNIFORME
Título uniforme Economic analysis of the importations of the four main cereals (corn, wheat rice and barley) of national consumption in the related agroindustrie.
Lenguaje de la obra Español
245 10 - MENCIÓN DE TÍTULO
Título Análisis económico de las importaciones de los 4 principales cereales (maíz, trigo, arroz y cebada) de consumo nacional en la agroindustria relacionada /
Mención de responsabilidad, etc. Ricardo Sánchez Páez
264 ## - PRODUCCIÓN, PUBLICACIÓN, DISTRIBUCIÓN, FABRICACIÓN Y COPYRIGHT
Producción, publicación, distribución, fabricación y copyright Chapingo, México:
Nombre del de productor, editor, distribuidor, fabricante El autor,
Fecha de producción, publicación, distribución, fabricación o copyright 2003
300 ## - DESCRIPCIÓN FÍSICA
Extensión vii, 78 hojas :
Otras características físicas ilustraciones, tablas, gráficas, mapas
336 ## - TIPO DE CONTENIDO
Fuente rdacontent
Término de tipo de contenido texto
Código de tipo de contenido txt
337 ## - TIPO DE MEDIO
Fuente rdamedia
Nombre/término del tipo de medio no mediado
Código del tipo de medio n
338 ## - TIPO DE SOPORTE
Fuente rdacarrier
Nombre/término del tipo de soporte volumen
Código del tipo de soporte nc
502 ## - NOTA DE TESIS
Nota de tesis Tesis
Tipo de título (Ingeniero Agroindustrial) --
Nombre de la institución que otorga el título UACh. Departamento de Ingeniería Agroindustrial,
Año de obtención del título 2003
504 ## - NOTA DE BIBLIOGRAFÍA, ETC.
Nota de bibliografía, etc. Bibliografía: hojas 71-73
520 3# - SUMARIO, ETC.
Sumario, etc. La economía estudia eventos o escenarios donde se presentan fenómenos numéricos cuantificables. Por lo que realizar un análisis económico nos permite conocer y estudiar con detalle los parámetros cuantificables de esta situación. Los granos de cereal son parte esencial de la razón y existencia de culturas milenarias, formando parte de la dieta alimenticia humana desde tiempos inmemorables; por lo que la producción en ciertos países es esencial para su alimentación y desarrollo. Las importaciones son entonces la falta de capacidad de territorial, financiera, de creación e implementación de planes de desarrollo para solventar la demanda; en donde se recurre a un proveedor que pueda abastecer dicha necesidad. El presente estudio se realizó con la finalidad de revisar y conocer los motivos y necesidades que han orillado a México a recurrir a las importaciones de maíz, trigo, arroz y cebada, apoyándose en un análisis económico de todas las variables que intervienen en la importación de estos granos; al mismo tiempo estudiando y aplicando un modelo de planeación estratégica para esta situación. Se concluye que México cuenta con las características físicas necesarias para la siembra y cosecha de maíz, trigo, arroz y cebada, lo que sin embargo no es suficiente para abastecer una demanda creciente, debido a los bajos rendimientos en campo, altos precios de venta y bajos subsidios a la producción primaria, lo que hace difícil la competencia con granos de cereal de las grandes potencias mundiales productoras.
520 3# - SUMARIO, ETC.
Sumario, etc. The economy studies events or scenes where cuantificables numerical phenomena appear. Reason why to make an economic analysis allows us to know and to study with detail the cuantificables parameters of this situation. The cereal grains are essential part of the reason and existence of millenarian cultures, comprising in the human nutritional diet since inmemorables times; reason why the production in certain countries is essential for its feeding and development. The imports are then the lack of territorial, financial capacity of, of creation and implementation of plans of development to resolve the demand; in where one resorts to a supplier that can supply this necessity. The present study was made with the purpose of studying and of knowing the reasons and necessities that have bordered Mexico to resort to the imports of corn, wheat, rice and barley, leaning in an economic analysis of all the variables that take part in the import of these grains; at the same time studying and applying a model of strategic planning for this sistuación. Which concludes that Mexico counts with the necessary physical characteristics for seedtime and harvest of corn, wheat, rice and barley, nevertheless is not sufficient to supply an increasing demand, due to the low yields in field, hight sale prices and low subsidies to the primary production, which makes difficult competition with grains of cereal of the great producing world-wide powers.
650 13 - PUNTO DE ACCESO ADICIONAL DE MATERIA--TÉRMINO DE MATERIA
Término de materia o nombre geográfico como elemento de entrada Arroz
Fuente del encabezamiento o término atg
650 13 - PUNTO DE ACCESO ADICIONAL DE MATERIA--TÉRMINO DE MATERIA
Término de materia o nombre geográfico como elemento de entrada Cebada
Fuente del encabezamiento o término atg
650 13 - PUNTO DE ACCESO ADICIONAL DE MATERIA--TÉRMINO DE MATERIA
Término de materia o nombre geográfico como elemento de entrada Maíz
Fuente del encabezamiento o término atg
650 13 - PUNTO DE ACCESO ADICIONAL DE MATERIA--TÉRMINO DE MATERIA
Término de materia o nombre geográfico como elemento de entrada Importaciones
Subdivisión general Aspectos económicos
Fuente del encabezamiento o término atg
650 13 - PUNTO DE ACCESO ADICIONAL DE MATERIA--TÉRMINO DE MATERIA
Término de materia o nombre geográfico como elemento de entrada Trigo
Fuente del encabezamiento o término atg
650 13 - PUNTO DE ACCESO ADICIONAL DE MATERIA--TÉRMINO DE MATERIA
Término de materia o nombre geográfico como elemento de entrada Barley
Fuente del encabezamiento o término atg
650 13 - PUNTO DE ACCESO ADICIONAL DE MATERIA--TÉRMINO DE MATERIA
Término de materia o nombre geográfico como elemento de entrada Corn
Fuente del encabezamiento o término atg
650 13 - PUNTO DE ACCESO ADICIONAL DE MATERIA--TÉRMINO DE MATERIA
Término de materia o nombre geográfico como elemento de entrada Imports
Subdivisión general Economical aspects
Fuente del encabezamiento o término atg
650 13 - PUNTO DE ACCESO ADICIONAL DE MATERIA--TÉRMINO DE MATERIA
Término de materia o nombre geográfico como elemento de entrada Rice
Fuente del encabezamiento o término atg
650 13 - PUNTO DE ACCESO ADICIONAL DE MATERIA--TÉRMINO DE MATERIA
Término de materia o nombre geográfico como elemento de entrada Wheat
Fuente del encabezamiento o término atg
700 1# - PUNTO DE ACCESO ADICIONAL--NOMBRE DE PERSONA
Nombre de persona Ponce Hernández, Pedro
Término indicativo de función/relación director
700 1# - PUNTO DE ACCESO ADICIONAL--NOMBRE DE PERSONA
Nombre de persona Buendía González, María Ofelia
Término indicativo de función/relación asesor
700 1# - PUNTO DE ACCESO ADICIONAL--NOMBRE DE PERSONA
Nombre de persona Flores Verduzco, Juan José
Término indicativo de función/relación asesor
856 41 - LOCALIZACIÓN Y ACCESO ELECTRÓNICOS
Identificador Uniforme del Recurso <a href="http://10.13.5.2/tesis/2003_SANCHEZ_PAEZ_RICARDO_Tesis.pdf">http://10.13.5.2/tesis/2003_SANCHEZ_PAEZ_RICARDO_Tesis.pdf</a>
Texto de enlace DESCARGAR PDF
901 ## - ELEMENTOS DE DATOS A LOCAL LDA (RLIN)
a TESIS S26 2003
942 ## - ELEMENTOS DE PUNTO DE ACCESO ADICIONAL (KOHA)
Tipo de ítem Koha TESIS
Fuente del sistema de clasificación o colocación Clasificación Universidad Autónoma Chapingo
902 ## - ELEMENTOS DE DATOS B LOCAL, LDB (RLIN)
a M
905 ## - ELEMENTOS DE DATOS E LOCAL, LDE (RLIN)
a 5232272003 mx bimn8223223322spa16
Holdings
Estado de retiro Estado de pérdida Fuente del sistema de clasificación o colocación Estado dañado Restricciones de uso No para préstamo Código de colección Localización permanente Ubicación/localización actual Fecha de adquisición Fuente de adquisición Total de préstamos Signatura topográfica completa Código de barras Fecha visto por última vez Número de copia Precio válido a partir de Tipo de ítem Koha Ubicación en estantería
    Clasificación Universidad Autónoma de Chapingo   Préstamo interno   Tesis Ingenieria Agroindustrial Ingenieria Agroindustrial 18/01/2022 El autor   Tesis S26 2003 1101006570 02/02/2026 Ej.1 18/01/2022 Tesis  
    Clasificación Universidad Autónoma de Chapingo       Tesis digitales de Licenciatura Ingenieria Agroindustrial Ingenieria Agroindustrial 18/01/2022 El autor     1201006570 23/05/2025   18/01/2022 Tesis digital En línea
    Clasificación Universidad Autónoma de Chapingo   Préstamo 5 días   Tesis Ingenieria Agroindustrial Ingenieria Agroindustrial 18/01/2022 El autor   Tesis S26 2003 1101016419 06/03/2026 Ej.2 18/01/2022 Tesis